000 00600nam a2200217 a 4500
001 BRL_985
005 20190320211000.0
008 301013s1959----mx-#######---#000-1#spa-#
041 _aspa
044 _amx
050 4 _aPQ7297
_b.L48 47 1959
100 1 _aLombardo de Caso, María
_925147
245 1 0 _aUna luz en la otra orilla
_cpor María Lombardo de Caso.
260 _aMéxico
_bFondo de Cultura Económica
_c1959
300 _a299 p.
_c18 cm.
440 0 _aLetras mexicanas
_v47
_925502
500 _aAu1096
650 1 4 _anovela mexicana
_ySiglo XX
_923904
902 _aGRL
942 _2lcc
_cB
999 _c9797
_d9797